000 00882nam a2200217Ia 4500
003 IN-BaIIA
008 211028s9999 xx 000 0 eng d
020 _a90-277-0341-8
040 _cIIA Library
111 _aInternational Astronomical Union Colloquium
_n21th
_cToronto, Canda
_d1972 Aug. 29-31
_98383
245 0 _aVariable stars in globular clusters and in related systems
_bproceedings of the IAU colloquium no. 21, held in University of Toronto, Canda, August 29-31,1972
_cedited by J. D. Fernie
260 _aDordrecht
_bD. Reidel Publishing
_c1973
300 _avi, 228p.
490 _aAstrophysics and space science library; v. 36
650 _a Stars - variable
_98384
650 _a Variable stars 
_98264
650 _aAstronomy and astrophysics thesaurus 
_91143
700 _aFernie, J. D., ed.
_98385
710 _aInternational Astronomical Union
942 _cBK
999 _c4725
_d4725